[Event "HUN-chT4 Chalupetzky 1819"]
[Site "Hunagry"]
[Date "2019.05.05"]
[Round "10.2"]
[White "Hecz, Alex"]
[Black "Stipta, Roza Rebeka"]
[Result "1-0"]
[WhiteElo "1448"]
[BlackElo "1207"]
[PlyCount "75"]
[EventDate "2018.10.14"]
[EventType "team-tourn"]
[EventRounds "10"]
[EventCountry "HUN"]
[SourceTitle "EXT 2020"]
[Source "ChessBase"]
[SourceDate "2019.10.17"]
[SourceVersion "1"]
[SourceVersionDate "2019.10.17"]
[SourceQuality "1"]
[WhiteTeam "KSE Level"]
[BlackTeam "Lovo"]
[WhiteTeamCountry "HUN"]
[BlackTeamCountry "HUN"]

1. e4 e5 2. Nf3 Nc6 3. Bc4 Be7 4. Nc3 Nf6 5. 0-0 d6 6. h3 0-0 7. Re1 Na5 8. Be2 Be6 9. d4 exd4 10. Qxd4 Nc6 11. Qd1 h6 12. Bb5 Nh7 13. Nd5 a6 14. Nxe7+ Nxe7 15. Bd3 f5 16. e5 dxe5 17. Rxe5 Qd6 18. Qe1 Rf6 19. Bd2 Nc6 20. Re2 Raf8 21. Ne5 Nd4 22. Re3 f4 23. Bxh7+ Kxh7 24. Rc3 Rf5 25. Ng4 Rg5 26. Nh2 Bxh3 27. Qe4+ Kh8 28. Rxh3 Re5 29. Qd3 Ne2+ 30. Kf1 Qxd3 31. Rxd3 Ng3+ 32. fxg3 fxg3+ 33. Nf3 g5 34. Bc3 Kg8 35. Bxe5 g4 36. Bxg3 gxf3 37. Rxf3 Rxf3+ 38. gxf3 1-0

[Event "HUN-chT4a 1819"]
[Site "Hungary"]
[Date "2019.02.09"]
[Round "8.4"]
[White "Stipta, Roza Rebeka"]
[Black "Kovacs, Istvan6666"]
[Result "0-1"]
[WhiteElo "1217"]
[BlackElo "1364"]
[PlyCount "96"]
[EventDate "2018.10.06"]
[EventType "team-tourn"]
[EventRounds "9"]
[EventCountry "HUN"]
[SourceTitle "EXT 2020"]
[Source "ChessBase"]
[SourceDate "2019.10.17"]
[SourceVersion "1"]
[SourceVersionDate "2019.10.17"]
[SourceQuality "1"]
[WhiteTeam "Lovo"]
[BlackTeam "Lovo Sopron"]
[WhiteTeamCountry "HUN"]
[BlackTeamCountry "HUN"]

1. e4 e5 2. Nf3 Nc6 3. d4 exd4 4. Bc4 h6 5. 0-0 Bc5 6. c3 dxc3 7. Nxc3 d6 8. Qd5 Be6 9. Qd3 Bxc4 10. Qxc4 Qf6 11. Nd5 Qd8 12. Be3 Bxe3 13. fxe3 Qd7 14. Rf2 0-0-0 15. b4 Nge7 16. Nxe7+ Nxe7 17. Rd1 Qe6 18. Qxe6+ fxe6 19. Nd4 e5 20. Ne6 Rhg8 21. Rf7 Kd7 22. Nc5+ Ke8 23. Rxe7+ Kxe7 24. Nxb7 Rb8 25. Na5 Ke6 26. a3 Rb6 27. Nc4 Rc6 28. Nd2 Rc3 29. Kf2 Rf8+ 30. Ke2 Rxa3 31. Nc4 Ra2+ 32. Ke1 Rxg2 33. Ra1 Rg1+ 34. Ke2 Rxa1 35. Nd2 Ra2 36. Kd3 Rxd2+ 37. Kxd2 Rf2+ 38. Kd3 Rxh2 39. b5 g5 40. Kc4 g4 41. b6 cxb6 42. Kb5 g3 43. Kc4 g2 44. Kb5 g1Q 45. Kc4 Rd2 46. Kb3 Qc1 47. Kb4 Rb2+ 48. Ka3 Qa1# 0-1